000 00783nam a22002777a 4500
001 BR7404881
003 BR-BrBNA
005 20230928093747.0
007 ta
008 230509b bl.||||| |||| 00| 0 por d
040 _aBR-BrBNA
_bpor
_cBiblioteca Nacional de Agricultura
041 _a(Por)
072 _aE70; E16
_b1160
_b1220
090 _ 1160 BR7404881
100 1 _aFortes, A.C.C.
110 1 _aFundacao Centro Regional de Produtividade do Piaui, Teresina (Brasil)
_94816
245 1 _aCaju
_bOportunidades de investimentos
260 3 _aTeresina, PI (Brasil):
_c1974.
300 _a28 p.
500 _a14 tables; 10 ref.
650 _aCaju
650 _aCastanha de Caju
650 _aEconomia da Producao
909 _a202309
_bLucia
_c55
_dLucia Elande
942 _cBK
999 _c46944
_d46944